Medicina y magia : el proceso de aculturación en la estructura colonial /

Gardado en:
Detalles Bibliográficos
Autor Principal: Aguirre Beltrán, Gonzalo (autor)
Formato: Libro
Idioma:Lingua castelá
Publicado: México : Instituto Nacional Indigenista : Secretaría de Educación Pública, 1980, c1963
Series:(SEPINI ; Antropología Social) 1.
Temas:
Etiquetas: Engadir etiqueta
Sen Etiquetas, Sexa o primeiro en etiquetar este rexistro!

MARC

LEADER 00000nam^a2200000^a^4500
001 000184443
005 20250521000000.0
009 20260310102115.95
037 |a Acervo ITESO - Biblioteca 
041 |a ESP 
082 |a 610. 97203  |b AGU 
100 |a Aguirre Beltrán, Gonzalo  |e (autor) 
245 1 0 |a Medicina y magia :  |b el proceso de aculturación en la estructura colonial /  |c G. Aguirre Beltrán. 
264 4 |a México :  |b Instituto Nacional Indigenista :  |b Secretaría de Educación Pública,  |c 1980, c1963 
300 |a 443 p. 
336 |a texto  |b txt  |2 rdacontenido 
337 |a sin mediación  |b n  |2 rdamedio 
338 |a volumen  |b nc  |2 rdasoporte 
440 1 |a (SEPINI ;  |v 1.  |p Antropología Social) 
649 |a XX 
650 |a Nahuas -  |x Historia 
650 |a Indígenas de México -  |x Historia 
650 |a Magia -  |z México -  |x Historia -  |y Epoca Colonial, 1517-1821 
650 |a Prácticas Culturales -  |z México -  |x Historia -  |y Epoca Colonial, 1517-1821 
650 |a Aculturación -  |z México -  |x Historia -  |y Epoca Colonial, 1517-1821 
650 |a Medicina Popular -  |z México -  |x Historia -  |y Epoca Colonial, 1517-1821 
650 |a Medicina Antigua -  |z México -  |x Historia -  |y Epoca Colonial, 1517-1821 
650 |a Medicina -  |z México -  |x Historia -  |y Epoca Colonial, 1517-1821 
650 |a Ciencias Médicas -  |z México -  |x Historia -  |y Epoca Colonial, 1517-1821 
650 |a México -  |x Historia -  |y Epoca Colonial, 1517-1821 
650 |a Etnografía 
650 |a Antropología 
650 |a Historia Social 
910 |a Fondo Armando Suárez Gómez 
920 |a Impresos - Libros 
930 |a Fondos Especiales 
905 |a 111 
901 |a 0700006677  |b IT2  |c ESP  |u 20250521 
902 |a https://opac.biblio.iteso.mx/vufind/Record/000184443